Statistics for Anterior/Medial Thigh (Lecture 3)

Click here to take the quiz!

General Stats

  • This quiz has been taken 4 times
  • The average score is 33 of 160

Answer Stats

HintAnswer% Correct
Anterior thigh is innervated by __ nervefemoral
100%
vastus intermedius innervation: __ nfemoral
100%
rectus femoris innervation: __ nfemoral
100%
vastus lateralis innervation: __ nfemoral
100%
vastus medialis innervation: __ nfemoral
100%
Medial thigh is innervated by __ nerveobturator
100%
largest muscle compartment: ____ (ant/post) thighant
67%
which muscle compartment contains femur: ____ (ant/post) thighant
67%
obturator externus action (1)
____ rotation (external/internal)
external
67%
pectineus innervation: ___ nfemoral
67%
sartorius innervation: ___ nfemoral
67%
pectineus BS: (LCFA/MCFA)MCFA
67%
gracilis innervation: ____ nobturator
67%
obturator externus innervation: ___ nobturator
67%
another possible pectineus innervation: ___ nobturator
67%
sartorius action (4)
*think criss cross apple sauce*
__duction
____ rotation (external/internal)
Hip ___ (flexion/extension)
Knee ___ (flexion/extension)
ab
external
flexion
flexion
33%
terrible triad = AMT -- what does AMT stand for? (*hint: 3 -- use abbreviations)ACL
MM
TCL
33%
adductor longus action (1)
__duction
ad
33%
adductor brevis action (1)
__duction
ad
33%
adductor magnus action (2)
__duction
___ (hip/knee) ___ (flexion/extension)
ad
hip flexion
33%
gracilis action (2)
__duction
___ (hip/knee) ___ (flexion/extension)
ad
knee flexion
33%
pectineus action (3)
__duction
____ rotation
___ (hip/knee) ___ (flexion/extension)
adduction
internal rotation
hip flexion
33%
medial border of femoral triangle (1)adductor longus
33%
which muscle is the adductor hiatus on: ___ m.adductor magnus
33%
adductor longus innervation: __ (ant div/post div) of ______ nant div
obturator
33%
adductor brevis innervation: __ (ant div/post div) of ______ nant div
obturator
33%
PCL prevents ___ (ant/post) displacement of femur and prevents hyper-____(flexion/extension) of knee jointant
flexion
33%
ACL extends from ___ (ant/post) intercondylar area of tibia to ___(medial/lateral) femoral condyleanterior
lateral
33%
the patellar ligament is located _____ (between/in front of/behind) patella and tibial tuberositybetween
33%
menisci of knee joint is held in place by ___ ligament around their peripherycoronary
33%
rectus femoris action (2)
Hip ___ (flexion/extension)
Knee ___ (flexion/extension)
flexion
extension
33%
what inserts into pes anserine: hint - (SGT)
sartorius
gracilis
semitendinosus
33%
iliopsoas action (2)
____ rotation (external/internal)
___ (hip/knee) ___ (flexion/extension)
external
hip flexion
33%
patellar ligament, fibular collateral ligament, and tibial collateral ligament are the ___ (intra-articular/extracapsular) ligaments of knee jointextracapsular
33%
roof of femoral triangle (1)fascia lata
33%
iliopsoas BS: ___ ailiolumbar
33%
strongest flexor of thigh at hip jointiliopsoas
33%
floor of femoral triangle (2)iliopsoas
pectineus
33%
superior of femoral triangle (1)inguinal ligament
33%
pectineus is grouped w/ ant thigh bc of ___ (innervation/action/blood supply)innervation
33%
anterior cruciate ligament and posterior cruciate ligament are the ___ (intra-articular/extracapsular) ligaments of knee jointintra-articular
33%
genicular anastomoses mainly supplies the ____ jointknee
33%
quadriceps femoris action (1)
___ (hip/knee) ___ (flexion/extension)
knee extension
33%
vastus medialis action (1)
___ (hip/knee) ___ (flexion/extension)
knee extension
33%
vastus lateralis action (1)
___ (hip/knee) ___ (flexion/extension)
knee extension
33%
vastus intermedius action (1)
___ (hip/knee) ___ (flexion/extension)
knee extension
33%
levels of lumbar nerve for iliopsoas: ___ - ____L1 L3
33%
levels of femoral nerve: __-__ or __ (depends)L2 L3 L4
33%
the fibular collateral ligament is located between the ___ epicondyle of the femur and head of ____lateral
fibula
33%
rectus femoris BS: (LCFA/MCFA)LCFA
33%
sartorius BS: (LCFA/MCFA)LCFA
33%
vastus medialis BS: (LCFA/MCFA)LCFA
33%
vastus intermedius BS: (LCFA/MCFA)LCFA
33%
vastus lateralis BS: (LCFA/MCFA)LCFA
33%
iliopsoas innervation: ___ (thoracic/lumbar) and ___ (sciatic/femoral)lumbar
femoral
33%
dr rangels opinion on iliopsoas blood supply: ____ (MCFA/LFCA)MCFA
33%
which meniscus has a C shape? (medial/lateral)medial
33%
the tibial collateral ligament is located between the ___ epicondyle of the femur and medial surface of ___medial
tibia
33%
can the other quad femoris muscles flex the thigh at the hip jointno
33%
adductor brevis BS: ____ aobturator
33%
adductor longus BS: ____ aobturator
33%
gracilis BS
____ a
obturator
33%
obturator externus BS
____ a
obturator
33%
adductor magnus BS (3)
____ a
____ _____ a
_____ (LCFA/MCFA)
obturator
profunda femoris
MCFA
33%
adductor magnus innervation: __ (ant div/post div) of ______ npost div
obturator
33%
ACL prevents ___ (ant/post) displacement of femur and prevents hyper-____(flexion/extension) of knee jointpost
extension
33%
PCL extends from ___ (ant/post) intercondylar area of tibia to ___ (medial/lateral) femoral condyleposterior
medial
33%
strongest extensor of thigh at hip jointquadratus femoris
33%
quadriceps femoris comes together at ___ tendonquadriceps
33%
patellar ligament is the continuation of ___ ___ tendonquadriceps femoris
33%
fibular collateral ligament and tibial collateral ligament permit ___ (rotation/flexion/extension)of femur on tibiarotation
33%
lateral border of femoral triangle (1)sartorius
33%
patellar ligament, fibular collateral ligament, and tibial collateral ligament strengthen joints when _____ (standing/sitting)standing
33%
where does the bursa lie: between __ (tendon/ligament) and __ (tibia/fibula)tendon
tibia
33%
which ligament is attached to medial meniscus? (patellar/fibular/tibial)tibial
33%
medial meniscus is attached to ____ ____ ligamenttibial collateral
33%
is rectus femoris a strong or weak flexor of thigh at hip jointweak
33%
ACL is ____ (stronger/weaker) than PCLweaker
33%
how many compartments is the femoral sheath divided into3
0%
__ (1, 2, or 3) articulations occur at the knee joint:
___ (1,2,3) femorotibial articulation(s) and 1 femoro____ articulation
3
2
patellar
0%
cant extend the right leg. what nerve affected?
A femoral n
B inferior gluteal n
C obturator n
D sciatic n
A
0%
the ___ branch of posterior branch of obturator artery acts as a "back up" blood supply to the hip jointacetabular
0%
the obturator artery helps the profunda femoris supply the adductor or abductor muscles?adductor
0%
what branches come off obturator NERVE (3)
*type answer alphabetically
anterior
cutaneous
posterior

0%
anterior femoral cutaneous branches of femoral nerve innervates __ and __ thigh
*type answer alphabetically
anterior
medial
0%
obturator artery gives off ___ branch (a) and ___ branch (a)
*type answer alphabetically
anterior
posterior
0%
___ canal extends from ___ (location) of femoral triangle to adductor hiatus in ____ muscleapex
add magnus
0%
what lies deepest (and most anterior) in popliteal fossa: popliteal _____artery
0%
LCFA gives off ___,___,___ branches (arteries)
*type answer alphabetically
ascending
descending
transverse
0%
lacerations all over vastus lateralis m. what nerve innervates?
A Inferior gluteal nerve
B Femoral nerve
C Obturator nerve
D Sciatic nerve
B
0%
which ligaments do the majority of branches from the middle circumflex femoral artery pass under to provide blood supply to the head and neck of femur?
A pubofemoral lig
B ischiofemoral lig
C iliofemoral lig
D ligament of the head of the femur
B
0%
The hip joint is a ___-and-___ type of synovial jointball
socket
0%
superolateral boundary of popliteal fossa (abbreviations):BF
0%
loss of sensory innvervation in popliteal fossa. which dermatome?
A L1 and L2
B L3 and L4
C S1 and S2
D S3 and S4
C
0%
Hip joint is enclosed within joint ___ formed by ___ (external/internal) capsule and ___(external/internal) synovial membranecapsule
external
internal
0%
innervation for lateral aspect of knee: articular branches from the ___ nervecommon fibular
0%
what does the middle genicular artery supply in the knee joint? (3)
____ ligaments
_____ membrane
_____ margins of menisci
cruciate
synovial
peripheral
0%
___ branch of obturator nerve supplies medial thigh above knee

*brevis sandwich*
cutaneous
0%
what is not located in the femoral sheath?
A inguinal lymph nodes
B femoral vein
C femoral artery
D femoral nerve
D
0%
which structures are the lat and med meniscus attached?
A TCL
B FCL
C Condyles of femur
D Condyles of tibia
D
0%
what arteries anas w/ superior medial genicular artery and lateral genicular artery?
A. middle circum femoral a
B asc branch of lat circum femor artery
C transverse branch of lat circum femor artery
D descending branch of lat circum femor artery
D
0%
___ branch of LCFA is a major artery that comes down to back of the knee to supply the knee joint and anastomoses at w/ superior lateral genicular branch of popliteal artery at the back of the kneedescending
0%
what are the genicular anastomoses that supplies the knee joint? (6)
____ genicular artery with ___ (saphenous/sural) branch and ____ branch from femoral artery
anterior/posterior recurrent branches from ___ (ant/post)____ (tibial/fibular) ____ artery
anterior/posterior recurrent branches from _______ ___ (tibial/fibular)artery
Superior ____/____ genicular arteries from ____ artery
_____ medial/lateral genicular arteries from popliteal artery
___ genicular artery from popliteal artery

descending
saphenous
articular
anterior
tibial
recurrent
circumflex
fibular
medial
lateral
popliteal
inferior
middle
0%
the popliteal fossa has a ___ shapediamond
0%
whats in the femoral canal (lateral to medial)
femoral nerve
femoral artery
femoral vein
inguinal lymph
0%
___ ____ vein and ___ vein drains into femoral vein
great saph
femoral
0%
blood supply of hip joint (4):
___ ___ ___ artery
___ ___ ___ artery
artery to the ___ of the ___
____ arteries
*type first 2 answers alphabetically
LCF
MCF
head
femur
retinacular
0%
saphenous vein drains ___ of foot and medial aspect of __ and legdorsum
thigh
0%
true or false: femoral triangle is located in the femoral canalfalse
0%
innervation for anterior aspect of knee: articular branches from the ___ nerve
femoral
0%
vastus medialis n comes off of ____ nfemoral
0%
saphenous v will drain into ___ veinfemoral
0%
lateral compartment of femoral sheath houses:femoral a
0%
whats in the femoral sheathfemoral a
femoral v
great saphenous v
inguinal lymph
0%
which MAIN arteries (no branches/tributaries) supply anteromedial thigh (2)femoral
obturator
0%
innervation of hip joint:
anterior: ___ nerve
inferior:___ nerve
posterior: branches from nerve to ____ ____
superior: ___ ___ nerve
femoral
quadratus femoris
obturator
superior gluteal
0%
contents of adductor canal: ____ artery and vein, nerve to ___ ____, ____ nervefemoral
vastus medialis
saphenous
0%
whats in the femoral trianglefemoral nerve
femoral sheath
femoral canal
saphenous opening
0%
intermediate compartment of femoral sheath houses:femoral v
0%
ligament of ___ of the ___ is ___ (weak/strong). it attaches to the acetabular ___ and ____ acetabular ligament. this ligament contains the artery to ___ of the ___.head
femur
weak
notch
transverse
head
femur
0%
posterior retinacular circles around __ and __ of femur
*type answer alphabetically
head
neck
0%
the knee joint is a ___ type of synovial jointhinge
0%
which ligament prevents hyperextension of hip joint during standingiliofemoral
0%
intrinsic ligaments of joint capsule [hip joint] (3): ___ ligament, ___ ligament, ___ ligament ---- write in alphabeticallyiliofemoral
ischiofemoral
pubofemoral
0%
medial compartment of femoral sheath houses:inguinal lymph
0%
which ligament limits internal rotation and hip adduction with flexionischiofemoral
0%
which intrinsic ligament of joint capsule (hip joint) can you observe most clearly posteriorly? ___ ligamentischiofemoral
0%
Anteromedial thigh dermatome levels: ___,___L2
L3
0%
Acetabular ____ (lips)makes tight-fitting socket that head of femur can fit into (increases articular surface)labrum
0%
inferolateral boundary of popliteal fossa: be specific ___ head of ___lateral
gastrocnemius
0%
ascending branch of lateral femoral circumflex artery anastomoses with ____ artery (abbreviation)MCF
0%
____ artery penetrates ischiofemoral ligament (abbreviation)MCFA
0%
which then gives off ___ a and ___a
*type answer alphabetically
MCFA
LCFA
0%
saphenous nerve innervates ___ side of leg and footmedial
0%
inferomedial boundary of popliteal fossa: be specific ___ head of ___medial
gastrocnemius
0%
what branches from tibial nerve?medial sural cutaneous
0%
acetabular __ = __ fourth(s) of the circlenotch
one
0%
which gives off ___ ___ (arteries)perforating branches
0%
femoral artery and vein becomes ___ artery and vein once it goes through the canal and peeks out of ___ ___popliteal
adductor hiatus
0%
contents of popliteal fossa: ___ artery and vein, ___ nerve with __ n (lateral side) and __ n (medial side) branching from it, ___ lymph nodespopliteal
sciatic
common fibular
tibial
popliteal
0%
____ n of thigh innervates skin overlying popliteal fossapost cut
0%
___ branch of obturator artery gives off acetabular branchposterior
0%
MCFA gives off ___arteriesposterior retinacular
0%
femoral artery gives off __ ___aprofunda femoris
0%
which ligament prevents over-abduction of hip jointpubofemoral
0%
_____ arteries come off LCFA and MCFAretinacular
0%
acetabular __ + ___ surface (of acetabulum) = __ fourth(s) of the circlerim
lunate
three
0%
Popliteal region dermatome levels: __,__S1
S2
0%
femoral vein becomes saphenous vein at __ openingsaphenous
0%
innervation for medial aspect of knee: articular branches from the ___ nervesaphenous
0%
femoral n becomes ___ n at ___ of femoral trianglesaphenous
apex
0%
femoral nerve continues on as ___ nerve after reaching the apex of the femoral ___saphenous
triangle
0%
adductor canal is posterior to ___ musclesartorius
0%
what vein drains into great saphenous vein?small saph
0%
superomedial boundary of popliteal fossa (abbreviations):SM
ST
0%
small saphenous v lies with ___ nsural
0%
what branches from common fibular nerve?sural communicating branch
0%
innervation for posterior aspect of knee: articular branches from the ___ nervetibial
0%
______ acetabular ligament is a continuation of acetabular labrumtransverse
0%
can you have a hernation within femoral triangleyes
0%

Score Distribution

Percentile by Number Answered

Percent of People with Each Score

Your Score History

You have not taken this quiz